00819naa#a2200157#i#4500001002200000005001700022100004100039102000700080200020800087210016900295215001000464608006000474700005200534700006000586856001500646RU\INFRA-M\bibl\1459320260517044416.7##a20250114b2025####ek#y0rusy0150####ca##aRU1#aИСКУССТВЕННЫЙ ИНТЕЛЛЕКТ В ОРГАНИЗАЦИИ СМЕШАННЫХ ЖЕЛЕЗНОДОРОЖНО-МОРСКИХ ПЕРЕВОЗОКeСтатья/тезисы конференции1#aМоскваcОбщество с ограниченной ответственностью «Научно-издательский центр ИНФРА-М»d2025##a5 с.##aСтатья/тезисы конференции2local#1aМамаевgЭнвер Агапашаевич#1aЧеботареваgЕвгения Андреевна4#anaukaru.ru